| 000 | 01539nam2a22002531 4500 | ||
|---|---|---|---|
| 001 | RU\NLR\A1SV\25322 | ||
| 005 | 20251203152403.2 | ||
| 035 | _a(NLR Aleph) 009709663 | ||
| 090 |
_a13478926 _c13478926 |
||
| 100 | _a19800421d1926 u y0rusy50 ca | ||
| 101 | 0 | _arus | |
| 200 | 1 |
_aВоздушные, сухопутные и морские силы иностранных государств _fЕ.Татарченко |
|
| 210 | _d1926 | ||
| 215 | _a438 с., 4 л. ил. | ||
| 300 | _aПрил.: Тенденции современной международной воздушной техники и ее ближайшие перспективы. Данные о новейших и состоящих на вооружении самолетах и гидросамолетах. Различные справочные сведения по международной авиации | ||
| 320 | _aБиблиогр. / Е.Татарченко (С.410-414) и в предисл. | ||
| 461 | 1 |
_1001RU\NLR\A1SV\25319 _12000#$aВоздушный справочник$eСб. ст. по вопросам авиации и воздухоплавания$vТ.3 _99827070 _cМ. _d1925-1927 _nАвиоизд-во _oСб. ст. по вопросам авиации и воздухоплавания _tВоздушный справочник _vТ.3 |
|
| 701 | 1 |
_aТатарченко _bЕ.И. _gЕвгений Иванович _4070 |
|
| 801 | 0 |
_aRU _bNLR _c19800421 |
|
| 852 |
_aNLR _j19/275-3 |
||
| 942 | _cBOOK | ||
| 980 | _aA1SV | ||
| 980 | _aNB | ||